000 00822nmm a2200265 a 4500
001 ocm000940718
003 TR-IsHL
005 20201028145719.0
008 150110s2011 tu kur
007 cr cn
020 _a9786054156573
035 _a940718
_b(N$T)
050 0 4 _aPK6908.4.R64
_bM47 2011
090 0 4 _aPK6908.4.R64
_bM47 2011
100 1 _aRoj, Cihan
245 1 0 _aMeşa morîyan
_h[electronic resource] /
_cCihan Roj
260 _aİstanbul :
_bEvrensel Basım Yayın,
_c2011
300 _a153 p.
650 4 _aDil ve Edebiyat
650 4 _aLanguage and Literature
650 0 _aKürt romanı
650 0 _aKurdish fiction
650 7 _aLITERARY COLLECTIONS / Middle Eastern
_2bisacsh
856 4 0 _uhttp://search.ebscohost.com/login.aspx?direct=true&scope=site&db=e011xww&AN=940718
999 _c10095
_d10095